| 000 | 00767nam a22002657a 4500 | ||
|---|---|---|---|
| 003 | CHAP | ||
| 005 | 20220329135347.0 | ||
| 008 | 971013s1948 r 00010 d | ||
| 010 | _a35024 | ||
| 011 | _a35996 | ||
| 035 | _a40115 | ||
| 040 | _cCHAP | ||
| 082 |
_a632.951 _bO53 |
||
| 100 | 0 | 0 |
_aOng, E. R. de. _983311 |
| 245 | _aChemistry and uses of insecticides | ||
| 260 |
_aNew York : _bReinhold, _c1948 |
||
| 300 |
_a345 p. _b: ilus. |
||
| 590 |
_aBATCH-UPD _b10 _c20130110 _lUCH01 _h1631 |
||
| 590 |
_aCONVERSION _b10 _c20130109 _lUCH01 _h1320 |
||
| 650 | 1 | 4 |
_aInsecticidas. _958855 |
| 901 | _aBK | ||
| 942 | _cLIBRO | ||
| 949 |
_a632.951 O53 _bBC _cLIBRO _d-91677 _eLIBRO _h23250 _i40115 _si |
||
| 949 |
_a632.951 O53 _bBC _cLIBRO _d-91678 _eLIBRO _fc.2 _h23251 _i40115 _si |
||
| 999 |
_c35024 _d35024 |
||